| 000 | 01298cam a22003494a 4500 | ||
|---|---|---|---|
| 001 | 12695899 | ||
| 003 | Ke-BoTe | ||
| 005 | 20220509122607.0 | ||
| 008 | 020308s2002 paua bf 001 0 eng | ||
| 010 | _a 2002016203 | ||
| 020 | _a0683307258 | ||
| 035 | _a(DNLM)101140315 | ||
| 040 |
_aDNLM/DLC _cDLC _dDLC |
||
| 042 | _apcc | ||
| 050 | 0 | 0 |
_aRC71 _b.G86 2002 |
| 060 | 1 | 0 |
_aWB 141 _bG9455 2002 |
| 082 | 0 | 0 |
_a616.07/5 _221 |
| 245 | 0 | 0 |
_aGuide to diagnostic testing / _c[edited by] Fauzia Khan ... [et al.]. |
| 260 |
_aPhiladelphia : _bLippincott Williams & Wilkins, _cc2002. |
||
| 300 |
_axxii, 537 p. : _bill. ; _c22 cm. |
||
| 504 | _aIncludes bibliographical references and index. | ||
| 650 | 0 |
_aDiagnosis _vHandbooks, manuals, etc. _94590 |
|
| 650 | 0 |
_aDiagnosis, Laboratory _vHandbooks, manuals, etc. _94433 |
|
| 650 | 1 | 2 |
_aDiagnostic Techniques and Procedures. _94464 |
| 650 | 2 | 2 |
_aMedical History Taking. _93199 |
| 650 | 2 | 2 |
_aPhysical Examination _xmethods. _94410 |
| 700 | 1 |
_aKhan, Fauzia, _d1964- _94591 |
|
| 856 | 4 | 2 |
_3Publisher description _uhttp://www.loc.gov/catdir/enhancements/fy0711/2002016203-d.html |
| 906 |
_a7 _bcbc _corignew _d1 _eocip _f20 _gy-gencatlg |
||
| 942 |
_2lcc _cBK _n0 |
||
| 999 |
_c2317 _d2317 |
||